000 00947nam a2200277 a 4500
005 2009052509189.0
008 070816s2008 nyua b 001 0 eng
010 _aENG-93717
020 _a9788180547010
_c265.00
020 _a8180547010
_c265.00
035 _aEN-77250
037 _bDBAD / PUB
040 _adpl
_bEnglish
082 _a658
100 _aGupta, C.B.
245 _aBusiness organisation and management /
_cby C.B. Gupta
250 _a13th ed.
260 _aNew Delhi
_bSultan Chand & Sons
_c2009
270 _a23, Daryaganj,
_bNew Delhi
_e110002
300 _aVarious pagings
_c26cm(pbk)
500 _aIncludes bibliographical references and index
650 _aBusiness organization
650 _aBusiness management
942 _2ddc
_cEN
_mGUP
_h658
999 _c26775
_d26775